Měření a řízení hemodynamických parametrů = Measurement and control of hemodynamic parameters : teze přednášky k profesorskému jmenovacímu řízení v oboru Biomedicínské inženýrství /

Hlavní autor: Augustynek, Martin, 1984-
Korporativní autor: Vysoké učení technické v Brně. Ústav biomedicínského inženýrství
Jazyk: Čeština
Vydáno: Brno : Vysoké učení technické v Brně, nakladatelství VUTIUM, 2021
Edice: Vědecké spisy Vysokého učení technického v Brně. Habilitační a inaugurační spisy, sv. 698
Témata:
Fyzický popis: 28 stran : ilustrace (převážně barevné) ; 24 cm
Knihy
Uloženo v:
LEADER 02898nam a2200661 i 4500
001 nkc20213370250
003 CZ PrNK
005 20220107105340.0
007 ta
008 211109s2021 xr a f m 000 0 cze
015 |a cnb003370250 
020 |a 978-80-214-5980-9  |q (brožováno) 
035 |a (OCoLC)1296108670 
040 |a OLA001  |b cze  |e rda 
072 7 |a 616  |x Patologie. Klinická medicína  |2 Konspekt  |9 14 
080 |a 616.1  |2 MRF 
080 |a 616.12-008  |2 MRF 
080 |a 615.817  |2 MRF 
080 |a 616.153.454  |2 MRF 
080 |a 616-07  |2 MRF 
080 |a (043.5:042.3)  |2 MRF 
080 |a (048.3)  |2 MRF 
100 1 |a Augustynek, Martin,  |d 1984-  |7 ola2011639627  |4 aut 
245 1 0 |a Měření a řízení hemodynamických parametrů =  |b Measurement and control of hemodynamic parameters : teze přednášky k profesorskému jmenovacímu řízení v oboru Biomedicínské inženýrství /  |c Martin Augustynek 
246 3 1 |a Measurement and control of hemodynamic parameters 
264 1 |a Brno :  |b Vysoké učení technické v Brně, nakladatelství VUTIUM,  |c 2021 
300 |a 28 stran :  |b ilustrace (převážně barevné) ;  |c 24 cm 
336 |a text  |b txt  |2 rdacontent 
337 |a bez média  |b n  |2 rdamedia 
338 |a svazek  |b nc  |2 rdacarrier 
490 1 |a Vědecké spisy Vysokého učení technického v Brně. Habilitační a inaugurační spisy,  |x 1213-418X ;  |v sv. 698 
500 |a Nad názvem: Vysoké učení technické v Brně, Fakulta elektrotechniky a komunikačních technologií, Ústav biomedicínského inženýrství 
504 |a Obsahuje bibliografii 
650 0 7 |a kardiovaskulární systém  |7 ph121472  |2 czenas 
650 0 7 |a hemodynamika  |7 ph120667  |2 czenas 
650 0 7 |a kardiostimulace  |7 ph182382  |2 czenas 
650 0 7 |a kardiostimulátory  |7 ph136559  |2 czenas 
650 0 7 |a krevní glukóza  |7 ph270287  |2 czenas 
650 0 7 |a diagnostické metody  |7 ph271429  |2 czenas 
650 0 9 |a cardiovascular system  |2 eczenas 
650 0 9 |a hemodynamics  |2 eczenas 
650 0 9 |a heart stimulation  |2 eczenas 
650 0 9 |a cardiac pacemakers  |2 eczenas 
650 0 9 |a blood glucose  |2 eczenas 
650 0 9 |a diagnostic methods  |2 eczenas 
655 7 |a profesorské přednášky  |7 fd187329  |2 czenas 
655 7 |a teze  |7 fd133701  |2 czenas 
655 9 |a inauguration lectures  |2 eczenas 
655 9 |a abstracts  |2 eczenas 
710 2 |a Vysoké učení technické v Brně.  |b Ústav biomedicínského inženýrství  |7 kn20010709188  |4 isb 
810 2 |a Vysoké učení technické v Brně.  |t Vědecké spisy.  |p Habilitační a inaugurační spisy  |0 s 
910 2 |a BOA001  |b 2-1477.673 
928 9 |a VUTIUM 
990 |a BK 
995 |a 01 
991 |b 202112  |c NOV 
996 6 |b 2610886101  |c 2-1477.673  |l MZK  |r Sklad / do 1 hodiny  |n 0  |p p.v.  |w 001869377  |u 000010  |a 1  |e BOA001  |j MZK50  |s P 
996 7 |b 2610886102  |c 2-1477.673  |l MZK  |r Sklad / do 1 hodiny  |n 0  |p p.v.  |w 001869377  |u 000020  |a 1  |e BOA001  |j MZK50  |s A